LEADER 01868oam 2200517M 450 001 9910715453303321 005 20191116082329.7 035 $a(CKB)5470000002511511 035 $a(OCoLC)1065547268 035 $a(OCoLC)995470000002511511 035 $a(EXLCZ)995470000002511511 100 $a20070221d1828 ua 0 101 0 $aeng 135 $aurcn||||||||| 181 $ctxt$2rdacontent 182 $cc$2rdamedia 183 $acr$2rdacarrier 200 10$aBaltimore Chamber of Commerce. Memorial of the Chamber of Commerce of the City of Baltimore. January 22, 1828. Referred to the Committee on Manufactures 210 1$a[Washington, D.C.] :$c[publisher not identified],$d1828. 215 $a1 online resource (3 pages) 225 1 $aHouse document / 20th Congress, 1st session. House ;$vno. 82 225 1 $a[United States congressional serial set ] ;$v[serial no. 171] 300 $aBatch processed record: Metadata reviewed, not verified. Some fields updated by batch processes. 300 $aFDLP item number not assigned. 606 $aForeign trade promotion 606 $aForeign trade and employment 606 $aImports 606 $aProtectionism 606 $aTariff 606 $aWool fabrics 608 $aLegislative materials.$2lcgft 615 0$aForeign trade promotion. 615 0$aForeign trade and employment. 615 0$aImports. 615 0$aProtectionism. 615 0$aTariff. 615 0$aWool fabrics. 712 02$aChamber of Commerce of the City of Baltimore. 801 0$bWYU 801 1$bWYU 801 2$bOCLCQ 801 2$bOCLCO 906 $aBOOK 912 $a9910715453303321 996 $aBaltimore Chamber of Commerce. Memorial of the Chamber of Commerce of the City of Baltimore. January 22, 1828. Referred to the Committee on Manufactures$93275033 997 $aUNINA